[Event "St Petersburg Blockade op"]
[Site "St Petersburg"]
[Date "2012.01.10"]
[Round "8"]
[White "Popov, Alexei"]
[Black "Papin, Yury"]
[Result "0-1"]
[WhiteElo "1784"]
[BlackElo "2060"]
[PlyCount "52"]
[EventDate "2012.01.03"]
[EventType "swiss"]
[EventRounds "9"]
[EventCountry "RUS"]
[SourceTitle "EXT 2014"]
[Source "ChessBase"]
[SourceDate "2013.11.20"]
[SourceVersion "1"]
[SourceVersionDate "2013.11.20"]
[SourceQuality "1"]

1. e4 c5 2. Nf3 d6 3. c3 Nf6 4. Bd3 Nc6 5. 0-0 Bg4 6. h3 Bh5 7. a4 e6 8. g4 Bg6 9. Qe2 Be7 10. Nh2 e5 11. Bc2 Nd7 12. d3 Bg5 13. Nd2 h5 14. Nc4 Bxc1 15. Raxc1 Qe7 16. Ne3 0-0-0 17. f3 Qg5 18. Ng2 hxg4 19. hxg4 Rh3 20. f4 exf4 21. Nxf4 Rg3+ 22. Ng2 Rh8 23. Kf2 Rgh3 24. Nf3 Qxg4 25. Rg1 Qg3+ 26. Ke3 Nde5 0-1

[Event "St Petersburg Blockade op"]
[Site "St Petersburg"]
[Date "2012.01.08"]
[Round "6"]
[White "Miridonova, Vasilisa"]
[Black "Papin, Yury"]
[Result "0-1"]
[WhiteElo "1812"]
[BlackElo "2060"]
[PlyCount "54"]
[EventDate "2012.01.03"]
[EventType "swiss"]
[EventRounds "9"]
[EventCountry "RUS"]
[SourceTitle "EXT 2014"]
[Source "ChessBase"]
[SourceDate "2013.11.20"]
[SourceVersion "1"]
[SourceVersionDate "2013.11.20"]
[SourceQuality "1"]

1. e4 c5 2. Nf3 Nc6 3. d4 cxd4 4. Nxd4 Nf6 5. Nc3 e6 6. Ndb5 d6 7. Bf4 e5 8. Bg5 a6 9. Na3 b5 10. Nd5 Be7 11. Bxf6 Bxf6 12. c3 Bg5 13. Nc2 0-0 14. Be2 g6 15. g3 Bh3 16. Nce3 f5 17. Qb3 Kh8 18. exf5 gxf5 19. Bf1 Bxf1 20. Nxf1 e4 21. h4 Bh6 22. Nh2 Ne5 23. 0-0 f4 24. Rae1 e3 25. Nxe3 fxe3 26. f4 Nc4 27. Nf3 Qd7 0-1

[Event "St Petersburg Blockade op"]
[Site "St Petersburg"]
[Date "2012.01.06"]
[Round "4"]
[White "Lapitsky, Sergey"]
[Black "Papin, Yury"]
[Result "1/2-1/2"]
[WhiteElo "1940"]
[BlackElo "2060"]
[PlyCount "61"]
[EventDate "2012.01.03"]
[EventType "swiss"]
[EventRounds "9"]
[EventCountry "RUS"]
[SourceTitle "EXT 2014"]
[Source "ChessBase"]
[SourceDate "2013.11.20"]
[SourceVersion "1"]
[SourceVersionDate "2013.11.20"]
[SourceQuality "1"]

1. c4 c5 2. Nf3 Nf6 3. Nc3 d5 4. cxd5 Nxd5 5. g3 Nc6 6. Bg2 Nc7 7. d3 e5 8. 0-0 Be7 9. Be3 f6 10. Rc1 Nd4 11. Ne4 Na6 12. Bxd4 cxd4 13. Qa4+ Bd7 14. Qb3 Bc6 15. Nh4 Qd7 16. Rxc6 bxc6 17. Rc1 Rc8 18. Qc4 Nb8 19. b4 Rf8 20. a4 f5 21. Nc5 Bxc5 22. Qxc5 Qe7 23. Qc4 Qd6 24. b5 c5 25. Nf3 Ke7 26. Nd2 Nd7 27. a5 Kf6 28. Nb3 g5 29. Bc6 Rxc6 30. bxc6 Qxc6 31. Nxc5 1/2-1/2

[Event "St Petersburg Blockade op"]
[Site "St Petersburg"]
[Date "2012.01.03"]
[Round "1"]
[White "Papin, Yury"]
[Black "Klimshin, Ilia"]
[Result "1/2-1/2"]
[WhiteElo "2060"]
[BlackElo "1724"]
[PlyCount "90"]
[EventDate "2012.01.03"]
[EventType "swiss"]
[EventRounds "9"]
[EventCountry "RUS"]
[SourceTitle "EXT 2014"]
[Source "ChessBase"]
[SourceDate "2013.11.20"]
[SourceVersion "1"]
[SourceVersionDate "2013.11.20"]
[SourceQuality "1"]

1. Nf3 d5 2. g3 Nf6 3. Bg2 g6 4. 0-0 Bg7 5. d4 Nc6 6. c4 0-0 7. cxd5 Nxd5 8. e4 Nb6 9. d5 Ne5 10. Nxe5 Bxe5 11. f4 Bg7 12. Nc3 e6 13. Qb3 Qe7 14. Be3 exd5 15. Nxd5 Nxd5 16. exd5 Bxb2 17. Rae1 Qa3 18. Qc4 Qc3 19. Qa4 Qa3 20. Qc4 Qc3 21. Qc5 Re8 22. Bf2 Qxc5 23. Rxe8+ Qf8 24. Rxf8+ Kxf8 25. Bc5+ Kg7 26. Re1 Bf5 27. Re7 Rc8 28. h3 Bf6 29. Re1 b6 30. Bf2 Rd8 31. g4 Bd7 32. g5 Bb2 33. h4 Ba3 34. Bd4+ Kf8 35. Kf2 Re8 36. Rh1 Bg4 37. Bf3 Bxf3 38. Kxf3 Rd8 39. Ke4 Re8+ 40. Kd3 Bd6 41. Rf1 a5 42. Rf3 Re1 43. f5 Rd1+ 44. Ke4 Re1+ 45. Kd3 Rd1+ 1/2-1/2

[Event "St Petersburg White Nights op"]
[Site "St Petersburg"]
[Date "2011.06.14"]
[Round "8"]
[White "Papin, Yury"]
[Black "Kharchenko, Daniil"]
[Result "0-1"]
[WhiteElo "2035"]
[BlackElo "1915"]
[PlyCount "98"]
[EventDate "2011.06.07"]
[EventType "swiss"]
[EventRounds "9"]
[EventCountry "RUS"]
[SourceTitle "EXT 2012"]
[Source "ChessBase"]
[SourceDate "2011.11.24"]
[SourceVersion "1"]
[SourceVersionDate "2011.11.24"]
[SourceQuality "1"]

1. d4 d5 2. Bg5 Nf6 3. c3 e6 4. e3 c5 5. Qc2 Nc6 6. f4 cxd4 7. exd4 Qc7 8. Bxf6 gxf6 9. Qd2 Bh6 10. g3 e5 11. Ne2 Bg4 12. Bg2 exf4 13. Nxf4 Qe7+ 14. Kf2 Bxf4 15. gxf4 0-0-0 16. Na3 Qd7 17. Rae1 Bh3 18. Bf3 Rhg8 19. Rhg1 Bg4 20. Rg3 Bxf3 21. Kxf3 Rxg3+ 22. hxg3 Rg8 23. Qe3 Qg4+ 24. Kg2 Ne7 25. Qf3 Nf5 26. Qxg4 Rxg4 27. Re8+ Kd7 28. Rb8 Kc7 29. Rf8 Rxg3+ 30. Kf2 Rg7 31. Nc2 a5 32. b4 Nd6 33. Ke3 Rg3+ 34. Kd2 h5 35. Ne3 Ne4+ 36. Kd3 h4 37. Rxf7+ Kb6 38. c4 h3 39. bxa5+ Kxa5 40. Rh7 Nd6 41. Ke2 dxc4 42. Nd5 Ne4 43. Rh5 Ka4 44. Nb6+ Kb4 45. Nd5+ Ka3 46. Ne3 Nc3+ 47. Kf2 Ne4+ 48. Ke2 c3 49. Nf1 c2 0-1

[Event "St Petersburg White Nights op"]
[Site "St Petersburg"]
[Date "2011.06.11"]
[Round "5"]
[White "Papin, Yury"]
[Black "Timirev, Sergey"]
[Result "1-0"]
[WhiteElo "2035"]
[BlackElo "1831"]
[PlyCount "65"]
[EventDate "2011.06.07"]
[EventType "swiss"]
[EventRounds "9"]
[EventCountry "RUS"]
[SourceTitle "EXT 2012"]
[Source "ChessBase"]
[SourceDate "2011.11.24"]
[SourceVersion "1"]
[SourceVersionDate "2011.11.24"]
[SourceQuality "1"]

1. e4 c5 2. Nf3 Nc6 3. c4 e5 4. Nc3 d6 5. d3 Nf6 6. h3 Be7 7. Be2 h6 8. Be3 a6 9. Qd2 Bd7 10. 0-0 Nd4 11. Ne1 g5 12. Qd1 Ne6 13. Kh2 Nf4 14. Nf3 g4 15. Ng1 h5 16. Bxf4 exf4 17. d4 Qc7 18. Nd5 Nxd5 19. cxd5 f5 20. Bd3 cxd4 21. Rc1 Qb6 22. exf5 Bf6 23. Re1+ Be5 24. f3 g3+ 25. Kh1 Rf8 26. Qe2 Rf6 27. h4 Kd8 28. Nh3 Bxf5 29. Bxf5 Rxf5 30. Qe4 Rf8 31. Ng5 Rc8 32. Ne6+ Kd7 33. Qh7+ 1-0

[Event "St Petersburg White Nights op"]
[Site "St Petersburg"]
[Date "2011.06.10"]
[Round "4"]
[White "Kudrjavich, Dmitry"]
[Black "Papin, Yury"]
[Result "1/2-1/2"]
[WhiteElo "1962"]
[BlackElo "2035"]
[PlyCount "32"]
[EventDate "2011.06.07"]
[EventType "swiss"]
[EventRounds "9"]
[EventCountry "RUS"]
[SourceTitle "EXT 2012"]
[Source "ChessBase"]
[SourceDate "2011.11.24"]
[SourceVersion "1"]
[SourceVersionDate "2011.11.24"]
[SourceQuality "1"]

1. d4 d5 2. Nf3 Nf6 3. e3 g6 4. Bd3 Bg7 5. b3 c5 6. Bb2 Nc6 7. Nbd2 0-0 8. 0-0 b6 9. a3 Bb7 10. Ne5 Nxe5 11. dxe5 Ne4 12. f4 Qc7 13. Nxe4 dxe4 14. Bc4 e6 15. Qe2 Rfd8 16. Rad1 Rxd1 1/2-1/2

[Event "Tosno Gubernator Cup Lenregion op"]
[Site "Tosno"]
[Date "2009.09.27"]
[Round "8"]
[White "Papin, Yury"]
[Black "Presnyakov, Vladimir Sergeevich"]
[Result "1-0"]
[WhiteElo "2034"]
[BlackElo "1927"]
[PlyCount "42"]
[EventDate "2009.09.24"]
[EventType "swiss"]
[EventRounds "9"]
[EventCountry "RUS"]
[SourceTitle "EXT 2022"]
[Source "ChessBase"]
[SourceDate "2021.10.06"]
[SourceVersion "1"]
[SourceVersionDate "2021.10.06"]
[SourceQuality "1"]

1. Nf3 Nf6 2. c4 d5 3. cxd5 Qxd5 4. Nc3 Qa5 5. d4 Bg4 6. Ne5 Bf5 7. Qb3 Nbd7 8. Qxf7+ Kd8 9. Nxd7 Kxd7 10. Qb3 Rb8 11. e3 e6 12. Be2 c6 13. Bd2 Qc7 14. Rc1 g5 15. Na4 h5 16. Bb4 Bxb4+ 17. Qxb4 Nd5 18. Nc5+ Ke8 19. Qa3 Nf6 20. Qxa7 g4 21. Na6 Kf7 1-0

[Event "Tosno Gubernator Cup Lenregion op"]
[Site "Tosno"]
[Date "2009.09.24"]
[Round "2"]
[White "Smirnov, Vladimir Sergeevich"]
[Black "Papin, Yury"]
[Result "1/2-1/2"]
[WhiteElo "2253"]
[BlackElo "2034"]
[PlyCount "127"]
[EventDate "2009.09.24"]
[EventType "swiss"]
[EventRounds "9"]
[EventCountry "RUS"]
[SourceTitle "EXT 2022"]
[Source "ChessBase"]
[SourceDate "2021.10.06"]
[SourceVersion "1"]
[SourceVersionDate "2021.10.06"]
[SourceQuality "1"]

1. d4 Nf6 2. Nf3 g6 3. Bg5 Bg7 4. Nbd2 d5 5. e3 0-0 6. Be2 c5 7. dxc5 Qa5 8. 0-0 Qxc5 9. c4 Rd8 10. Rc1 Nc6 11. a3 Qb6 12. b4 a6 13. Qb3 Be6 14. c5 Qc7 15. Bf4 Qd7 16. Rfd1 Nh5 17. Bg5 Qc7 18. Ne1 Nf6 19. Bf4 Qc8 20. a4 h6 21. b5 d4 22. Bc4 Na5 23. Bxe6 Nxb3 24. Bxc8 Nxc1 25. Bxb7 Ne2+ 26. Kf1 Nxf4 27. Bxa8 dxe3 28. fxe3 Ne6 29. Bf3 axb5 30. axb5 Nxc5 31. Nc4 Rb8 32. Bc6 Nfe4 33. b6 Kh7 34. Nd3 Nxd3 35. Rxd3 Nd6 36. Rxd6 exd6 37. b7 d5 38. Bxd5 Bf8 39. e4 f6 40. h3 Kg7 41. Nb6 Bd6 42. Nc8 Be5 43. Ke2 Kf8 44. Kd3 Ke8 45. Kc4 Kd8 46. Na7 Kc7 47. Nc6 Re8 48. Kb5 Bg3 49. Nb4 Kb8 50. Kb6 Bf2+ 51. Kc6 Rd8 52. e5 fxe5 53. Na6+ Ka7 54. Nc7 Bd4 55. Be4 g5 56. Nb5+ Kb8 57. Nd6 h5 58. Nf7 Rg8 59. Kd7 g4 60. h4 Rg7 61. Ke6 Bf2 62. Nxe5 Bxh4 63. Nd7+ Rxd7 64. Kxd7 1/2-1/2